000
00329nam a22001457a 4500
003
OSt
005
20220218095200.0
008
220218b |||||||| |||| 00| 0 eng d
020
_a
8179924823
040
_c
HU
082
_a
658.812
100
_a
Mccoy
_9
30797
245
_a
Extraordinary Customer Service
942
_2
ddc
_c
BOOKS
_n
0
999
_c
30745
_d
30745